Normal view
MARC view
- Palma, Hétor A.
Entry Nombre Personal
001 - NUMERO DE CONTROL
- campo de control: 38030
003 - IDENTIFICADOR DE NUMERO DE CONTROL
- campo de control: UPN
005 - FECHA Y HORA DE LA ÜLTIMA TRANSACCIÓN
- campo de control: 20210219194531.0
008 - DATOS DE LONGITUD FIJA
- campo de control de longitud fija: nabaccnnaabn|||||||||| b |nc|||||d
035 ## - NUMERO DE CONTROL
- Número de control: UPN11000010137
040 ## - FUENTE DE CATALOGACIÓN
- Lenguaje de catalogación: SPA
- Agencia de transcripción: UPN
100 1# - ENCABEZAMIENTO - NOMBRE PERSONAL
- Nombre personal: Palma, Hétor A.
670 ## - FUENTE EN LA QUE SE LOCALIZARON DATOS
- Cita de la fuente: T
- Información localizada: Metáforas y modelos científicos :el lenguaje en la enseñanza de las ciencias
680 ## - NOTA PUBLICA DE ACCESO PÚBLICO
- Frase explicativa de la referencia: Argentina. Profr. de Filosofía por la Universidad de Buenos Aires. Magister en Ciencia, Tecnología y Sociedad. Doctor en Ciencias Sociales y Humanidades por la Universidad de Quilmes
902 ## - CATALOGADOR
- Catalogador: EMR/261115
